000 00396nam a22001697a 4500
005 20160613114243.0
008 160613b xxu||||| |||| 00| 0 eng d
020 _a81-7829-239-4
041 _aeng
082 _b7184
100 _aJagdeep Kapoor
_91769
245 _a18 Brand Astras
260 _aNew Delhi
_bResponse Books,
_c2003
300 _a134
650 _aManagement
_9241
942 _cBK
999 _c2488
_d2487